| 000 | 00585nam a2200133Ia 4500 | ||
|---|---|---|---|
| 008 | 220216s9999 xx 000 0 und d | ||
| 100 | _aMunir Misbakhul | ||
| 245 | 0 | _aControl of white root disease using antagonistic plants integrated with other preventive methods on rubber plantation | |
| 260 | _bInternational Workshop on White Root Disease of Hevea Rubber: New Directions & Strategies in Management, IRRDB & Rubber Research Institute of Sri Lanka, Sri Lanka, pp.38-47. | ||
| 650 | _aDisease control | ||
| 650 | _aWhite root disease | ||
| 700 | _aSuryaningtyas Heru | ||
| 942 | _cJS | ||
| 999 |
_c56337 _d56337 |
||